QUEST Central Library Banner

The Eternal message of Muhammad (Record no. 65124)

MARC details
000 -LEADER
fixed length control field 00222nam a22001097a 4500
082 ## - DEWEY DECIMAL CLASSIFICATION NUMBER
Classification number 297.922R A H
100 ## - MAIN ENTRY--AUTHOR NAME
Personal name A.Rahman
245 ## - TITLE STATEMENT
Title The Eternal message of Muhammad
260 ## - PUBLICATION, DISTRIBUTION, ETC. (IMPRINT)
Place of publication New York
300 ## - PHYSICAL DESCRIPTION
Number of Pages 289p
942 ## - ADDED ENTRY ELEMENTS (KOHA)
Koha item type Books
Holdings
Withdrawn status Lost status Home library Current library Date acquired Full call number Accession Number Koha item type
    Reference Section Reference Section 08/07/2019 297.922R A H (Shelf -19E) R7079 Books

Copyright © 2018,The QUEST, Nawabshah, Shaheed Benazirabad. All rights reserved
Mr. G. Farooq Channar (Librarian) QUEST, Nawabshah, Sindh, Pakistan 67480.
 Ph#: |   0244-9370381-4 Ext. 2308   Email| lib@quest.edu.pk   Web|  http://www.quest.edu.pk